Famous "Vans" and "Vons" - Statistics

General Stats
  • This quiz has been taken 212 times
    144 since last reset
  • The average score is 9 of 18
Answer Stats
Clue Person % Correct
Painter who cut his ear off Vincent van Gogh
98%
Guitarist whose band mates included David Lee Roth and Sammy Hagar Eddie Van Halen
75%
"Moonlight Sonata" Ludwig van Beethoven
75%
Loinclothed, high-kicking Belgian martial artist Jean-Claude Van Damme
72%
Andrew Jackson's successor Martin Van Buren
66%
Namesake of a zeppelin thatwent down in flames Paul von Hindenburg
63%
Germany's "Iron Chancellor" Otto von Bismarck
58%
"Sound of Music" matriarch Maria von Trapp
55%
Author of "Faust" Johann Wolfgang von Goethe
47%
Bart Simpson's best friend Milhouse Van Houten
43%
Father of rocket science Wernher von Braun
43%
"The Night Watch" painter Rembrandt van Rijn
38%
Invented a rigid dirigible Graf von Zeppelin
33%
German WWI fighter pilot nicknamed the "Red Baron" Manfred von Richthofen
33%
All-time Dutch soccer scorer Robin Van Persie
24%
First person to see single-celled organisms Antonie van Leeuwenhoek
20%
Hungarian-born mathematicianconsidered to be one of the smartest people of all-time John vonNeumann
18%
"Father of modern taxonomy" Carl von Linné
14%
No matching quizzes found
Score Distribution
Percent of People with Each Score
Percentile by Number Answered
Your Score History
You have not taken this quiz since the last reset